000 00498 a2200193 4500
260 _bEd. Agriculture et vie
245 _aGuide pratique de culture biologique : Méthode Lemaire-Boucher
300 _a287 p.
260 _aAnger
650 _aBiologie-Guides, manuels, etc.
260 _c1972
300 _bill. (part. en coul., portr., fig. ; 28 cm
130 _lFr.
035 _a4442
250 _a1ère éd.
100 _aSAINT HENIS, A. de
700 _aBOUCHER, Jean
999 _c12661
_d12661